Каталог публикаций сотрудников государственного образовательного учреждения дополнительного профессионального образования "Институт повышения квалификации работников образования", (2000-2005) (Запись № 592628)

Подробности
000 -МАРКЕР
контрольное поле 01985nam0a2200301 4500
001 - ИДЕНТИФИКАТОР ЗАПИСИ
контрольное поле RU\NLR\bibl\1015775
005 - ИДЕНТИФИКАТОР ВЕРСИИ
контрольное поле 20260406110842.0
010 ## - МЕЖДУНАРОДНЫЙ СТАНДАРТНЫЙ НОМЕР КНИГИ (ISBN)
Номер (ISBN) 5-89982-145-0
Тираж 150
021 ## - НОМЕР ГОСУДАРСТВЕННОЙ РЕГИСТРАЦИИ
Код страны Российская Федерация
Номер 2006-68535
Номер Листа государственной регистраци 3444
035 ## - ДРУГИЕ СИСТЕМНЫЕ НОМЕРА
Идентификатор записи (NLR Aleph) 001003351
100 ## - ДАННЫЕ ОБЩЕЙ ОБРАБОТКИ
Данные общей обработки 20061201d2006 |||y0rusy50 ca
101 0# - ЯЗЫК РЕСУРСА
Язык текста, звукозаписи и т.д. русский
102 ## - СТРАНА ПУБЛИКАЦИИ ИЛИ ПРОИЗВОДСТВА
Страна публикации Российская Федерация
105 ## - ПОЛЕ КОДИРОВАННЫХ ДАННЫХ: ТЕКСТОВЫЕ МАТЕРИАЛЫ, МОНОГРАФИЧЕСКИЕ
Кодированные данные о монографическом текстовом документе y |||||||||
200 1# - ЗАГЛАВИЕ И СВЕДЕНИЯ ОБ ОТВЕТСТВЕННОСТИ
Основное заглавие Каталог публикаций сотрудников государственного образовательного учреждения дополнительного профессионального образования "Институт повышения квалификации работников образования", (2000-2005)
Первые сведения об ответственности Гос. образоват. учреждение доп. проф. образования "Ин-т развития образования Омской обл."
210 ## - ПУБЛИКАЦИЯ, РАСПРОСТРАНЕНИЕ И ДР.
Место издания, распространения и т.д. Омск
Имя издателя, распространителя и т. д. Изд-во ГОУДПО "ИРООО"
Дата издания, распространения и т.д. 2006
215 ## - ФИЗИЧЕСКАЯ ХАРАКТЕРИСТИКА
Специфическое обозначение материала и объем 79 с.
Размеры 21
300 ## - ОБЩИЕ ПРИМЕЧАНИЯ
Текст примечания Загл. обл.: ... учреждения Омской области дополнительного ...
512 0# - ЗАГЛАВИЕ ОБЛОЖКИ
Заглавие обложки Каталог публикаций сотрудников государственного образовательного учреждения Омской области дополнительного профессионального образования "Институт повышения квалификации работников образования" (2000-2005)
606 1# - НАИМЕНОВАНИЕ ТЕМЫ КАК ПРЕДМЕТ
Наименование темы Образование
Формальный подзаголовок Библиография
Географический подзаголовок Омская область
Системный номер авторитетной/нормативной записи 2473981
Идентификатор авторитетной/нормативной записи RU\NLR\auth\661469107
686 ## - ИНДЕКСЫ ДРУГИХ КЛАССИФИКАЦИЙ
Индекс Ч34(2Р-4Ом)я1
710 02 - НАИМЕНОВАНИЕ ОРГАНИЗАЦИИ - ПЕРВИЧНАЯ ОТВЕТСТВЕННОСТЬ
Начальный элемент ввода Омский областной институт повышения квалификации работников образования
Системный номер авторитетной/нормативной записи 284028
Идентификатор авторитетной/нормативной записи RU\NLR\AUTH\886137
801 #0 - ИСТОЧНИК ЗАПИСИ
Страна Российская Федерация
Организация NLR
Дата составления 20061201
Правила каталогизации rcr
801 #1 - ИСТОЧНИК ЗАПИСИ
Страна Российская Федерация
Организация NLR
Дата составления 20061201
942 ## - ДОПОЛНИТЕЛЬНЫЕ ЭЛЕМЕНТЫ ЗАПИСИ (АБИС)
Тип экземпляра АБИС Книга
980 ## - КОЛЛЕКЦИЯ
Название коллекции Национальная библиография
Экземпляры
Тип экземпляра Дата поступления Источник поступления Библиотека постоянного хранения Библиотека текущего хранения Место хранения Шифр хранения Штрих-код Статус экземпляра
Книга 01.12.2006 Обязательный экземпляр РНБ (Московский) РНБ (Московский) Центральная справочная библиотека С 2006-2/548 1-1112334  
Книга 01.12.2006 Обязательный экземпляр РНБ (Московский) РНБ (Московский) Центральная справочная библиотека С 2006-2/548 1-1112330